El arroz: estudio de algunos mercados del oriente medio
Tallennettuna:
| Yhteisötekijä: | |
|---|---|
| Aineistotyyppi: | Kirja |
| Kieli: | espanja |
| Julkaistu: |
Ginebra
Centro de Comercio Internacional
1984
|
| Aiheet: | |
| Tagit: |
Lisää tagi
Ei tageja, Lisää ensimmäinen tagi!
|
MARC
| LEADER | 00000nam a2200000 a 4500 | ||
|---|---|---|---|
| 001 | UCR5384 | ||
| 003 | CL-VaPUC | ||
| 008 | 980327e19840000SZ |||||||||||||||||spa|d | ||
| 082 | 0 | 4 | |a 382 |b CEN |2 21 |
| 110 | 2 | |a Centro de Comercio Internacional UNCTAD-GATT |e author |9 406264 | |
| 245 | 1 | 3 | |a El arroz: estudio de algunos mercados del oriente medio |
| 300 | |a 96 p | ||
| 942 | |c BK | ||
| 945 | |d 19980327 00:00:00 |a crobeson | ||
| 260 | |a Ginebra |b Centro de Comercio Internacional |c 1984 | ||
| 650 | 0 | |a Arroz |9 364842 | |
| 650 | 7 | |a COMERCIO INTERNACIONAL |2 CL-VaPUC |9 406265 | |
| 650 | 0 | |a Investigación de mercado |9 332310 | |
| 650 | 0 | |a Oferta y demanda |9 255571 | |
| 651 | 0 | |a Arabia Saudita |9 406266 | |
| 651 | 7 | |a EMIRATOS ARABES UNIDOS |2 CL-VaPUC |9 406267 | |
| 651 | 7 | |a KUWAIT |2 CL-VaPUC |9 406268 | |
| 583 | |a last modification |c 20180306 11:41:10 |k Rodrigo Vera | ||
| 999 | |c 267992 |d 267990 | ||
| 952 | |0 0 |1 0 |4 0 |6 382_000000000000000_CEN_1984 |7 0 |8 A |9 300843 |a BIBALI |b BIBALI |c GEN |d 2019-11-20 |i 1969498 |o 382 CEN 1984 |p 1969498 |r 2025-01-20 |w 2019-11-20 |y BK |k ALI | ||